Některé aspekty a důsledky vyplývající z účasti vlády v procesu alokace kapitálu na finančních trzích

Prelievanie voľných finančných zdrojov medzi subjektami. Podstata alokácie voľných zdrojov prostredníctvom trhu. Podstata alokácie voľných zdrojov prostredníctvom vlády. Vládna garancia a poistenie. Subvencie na úrokové miery. Rozpočtový deficit a akciové kurzy.

Salvato in:
Dettagli Bibliografici
Autore principale: Veselá, Jitka
Natura: Capitolo di libro
Lingua:ceco
Soggetti:
Tags: Aggiungi Tag
Nessun Tag, puoi essere il primo ad aggiungerne!!

MARC

LEADER 00000naa a2200000 4500
001 r033969
005 20230929091136.5
041 0 |a cze 
044 |a CZ 
245 1 0 |a Některé aspekty a důsledky vyplývající z účasti vlády v procesu alokace kapitálu na finančních trzích  |c Jitka Veselá 
520 |a Prelievanie voľných finančných zdrojov medzi subjektami. Podstata alokácie voľných zdrojov prostredníctvom trhu. Podstata alokácie voľných zdrojov prostredníctvom vlády. Vládna garancia a poistenie. Subvencie na úrokové miery. Rozpočtový deficit a akciové kurzy. 
610 2 0 |a zdroje finančné 
610 2 0 |a cash flow 
610 2 0 |a trh finančný 
610 2 0 |a sadzby úrokové 
610 2 0 |a záruka 
610 2 0 |a poistenie 
610 2 0 |a subvencie 
610 2 0 |a financovanie 
610 2 0 |a kapitál 
100 1 |a Veselá, Jitka